| 000 | 00942pam a2200277 a 4500 | ||
|---|---|---|---|
| 001 | 691496 | ||
| 003 | OSt | ||
| 005 | 20150602174542.0 | ||
| 008 | 960723s1997 maua b 001 0 eng | ||
| 010 | _a 96034118 | ||
| 020 | _a0205193455 (hardcover) | ||
| 040 |
_aDLC _cDLC _dDLC |
||
| 050 | 0 | 0 |
_aBF121 _b.C35 1997 |
| 082 | 0 | 0 |
_a150 CAR 1997 _220 |
| 100 | 1 |
_aCarlson, Neil R., _d1942- _95169 |
|
| 245 | 1 | 0 |
_aPsychology : _bthe science of behavior / _cNeil R. Carlson, William Buskist. |
| 250 | _a5th ed. | ||
| 260 |
_aBoston : _bAllyn and Bacon, _cc1997. |
||
| 300 |
_axix, 683 p. : _bill. (some col.) ; _c29 cm. |
||
| 504 | _aIncludes bibliographical references (p. 639-662) and indexes. | ||
| 650 | 0 |
_aPsychology _vTextbooks. _95170 |
|
| 700 | 1 |
_aBuskist, William. _95171 |
|
| 906 |
_a7 _bcbc _corignew _d1 _eocip _f19 _gy-gencatlg |
||
| 942 |
_2z _cSLOAN |
||
| 999 |
_c1967 _d1967 |
||